[Event "Fide Open"]
[Site "Voronezh"]
[Date "2018.06.19"]
[Round "8.2"]
[White "Provkin, Vladimir"]
[Black "Artemov, Nikita"]
[Result "1-0"]
[WhiteElo "2182"]
[BlackElo "1970"]
[Annotator ""]
[Source ""]
[Remark ""]

1.d4 Nf6 2.Bg5 Ne4 3.Bf4 c5 4.f3 Qa5+ 5.Nd2 Nxd2 6.Bxd2 Qb6 7.d5
Qxb2 8.e4 e6 9.Ne2 c4 10.Rb1 Qa3 11.Nc3 Bb4 12.Nb5 Qe3+ 13.Be2
Bxd2+ 14.Qxd2 Qxd2+ 15.Kxd2 Na6 16.Bxc4 Ke7 17.d6+ Kf6 18.f4
g6 19.e5+ Kg7 20.Be2 Nc5 21.Bf3 Rb8 22.Nxa7 Ra8 23.Nb5 Rxa2 24.Nc3
Ra6 25.Rb5 Na4 26.Rhb1 b6 27.Nxa4 Rxa4 28.R5b4 Ra2 29.Rxb6 f6
30.Rb8 Ra5 31.R1b5 Ra4 32.exf6+ Kxf6 33.Rc5 1-0

[Event "Fide Open"]
[Site "Voronezh"]
[Date "2018.06.19"]
[Round "8.3"]
[White "Lukovnikov, Alexander"]
[Black "Lepaev, Andrey"]
[Result "1-0"]
[WhiteElo "2153"]
[BlackElo "1992"]
[Annotator ""]
[Source ""]
[Remark ""]

1.e4 d6 2.d4 Nf6 3.Nc3 g6 4.f4 Bg7 5.Nf3 c5 6.Bb5+ Bd7 7.e5 Ng4
8.e6 fxe6 9.Ng5 Bxb5 10.Qxg4 Bd7 11.Nxh7 Kf7 12.Ng5+ Kg8 13.Nxe6
Qe8 14.d5 Qf7 15.Qe2 Bxe6 16.dxe6 Bxc3+ 17.bxc3 Qf6 18.O-O Nc6
19.Bd2 Rf8 20.Rae1 Qf5 21.Bc1 Qf6 22.Rf3 Qf5 23.h3 Rh4 24.g4
Qf6 25.Ref1 Qh8 26.Kg2 Rh7 27.Bd2 Rg7 28.Be1 Qh6 29.Bg3 Kh8 30.Qe4
Rgg8 31.Rb1 Nd8 32.c4 Qg7 33.Be1 Kh7 34.Bc3 Qh6 35.Rbf1 Qh4 36.f5
gxf5 37.Rxf5 Rxf5 38.Rxf5 Rg6 39.Rf8 Nf7 40.exf7 1-0

[Event "Fide Open"]
[Site "Voronezh"]
[Date "2018.06.19"]
[Round "8.4"]
[White "Ilyina, Lada"]
[Black "Kuzmin, Roman"]
[Result "1-0"]
[WhiteElo "2031"]
[BlackElo "1963"]
[Annotator ""]
[Source ""]
[Remark ""]

1.e4 c5 2.d3 e6 3.g3 Nc6 4.Bg2 d5 5.Nd2 Nf6 6.f4 dxe4 7.Nxe4
Nxe4 8.Bxe4 Qc7 9.Ne2 Bd6 10.Be3 e5 11.f5 Nd4 12.O-O g6 13.Nxd4
exd4 14.Bg5 Bxg3 15.Qe2 Be5 16.Bc6+ bxc6 17.Bf6 O-O 18.Bxe5 Re8
19.Rae1 Qe7 20.Qg2 Bd7 21.Re4 Qf8 22.fxg6 hxg6 23.Qg5 Re6 24.Rh4
Rxe5 25.Qxe5 Qg7 26.Qxc5 Re8 27.Qxd4 Qxd4+ 28.Rxd4 Bh3 29.Rf3
Be6 30.c4 c5 31.Rd6 Bg4 32.Rf2 Bh3 33.Rd2 Re1+ 34.Kf2 Ra1 35.b3
g5 36.Rd5 g4 37.Rxc5 f5 38.Kg3 Rg1+ 39.Kf4 Rf1+ 40.Kg5 f4 41.Kg6
g3 42.Re2 Bd7 43.Rc8+ 1-0

[Event "Fide Open"]
[Site "Voronezh"]
[Date "2018.06.19"]
[Round "8.5"]
[White "Kitaev, Roman"]
[Black "Kulpin, Dmitriy"]
[Result "1-0"]
[WhiteElo "2031"]
[BlackElo "1954"]
[Annotator ""]
[Source ""]
[Remark ""]

1.e4 c5 2.Nf3 e6 3.d4 cxd4 4.Nxd4 Nc6 5.Nb5 d6 6.c4 a6 7.N5c3
Nf6 8.Na3 Be7 9.Be2 O-O 10.O-O b6 11.Be3 Rb8 12.Rc1 Bb7 13.f3
Re8 14.Nc2 Qc7 15.Qd2 Red8 16.Nd4 Nxd4 17.Bxd4 Nd7 18.Rfd1 Rbc8
19.Bf1 Qb8 20.Qf2 Bc6 21.a4 Nc5 22.Qc2 a5 23.b3 Qb7 24.Qb2 Bf8
25.Kh1 Rd7 26.Ra1 Na6 27.Nd5 exd5 28.cxd5 Bxd5 29.Bxa6 Qxa6 30.exd5
Rdc7 31.Rd2 b5 32.h3 Qb7 33.b4 bxa4 34.bxa5 Qa6 35.Rxa4 Rc1+
36.Kh2 g6 37.Re2 Bh6 38.Bf6 Bf4+ 39.Rxf4 1-0

[Event "Fide Open"]
[Site "Voronezh"]
[Date "2018.06.19"]
[Round "8.6"]
[White "Ioffe, Evgeny"]
[Black "Novikov, Sergey D"]
[Result "0-1"]
[WhiteElo "2079"]
[BlackElo "2180"]
[Annotator ""]
[Source ""]
[Remark ""]

1.e4 c5 2.c3 Nf6 3.e5 Nd5 4.d4 cxd4 5.cxd4 d6 6.Nf3 Nc6 7.Bc4
dxe5 8.dxe5 Ndb4 9.Qxd8+ Kxd8 10.Na3 Bg4 11.O-O Bxf3 12.gxf3
Nxe5 13.Rd1+ Ke8 14.Be2 e6 15.Nb5 Nd5 16.f4 Nc6 17.Bf3 a6 18.Rxd5
exd5 19.Nc7+ Kd7 20.Nxa8 Bc5 21.Bxd5 f6 22.f5 Rxa8 23.Bf4 Rd8
24.Re1 Bd6 25.Be3 Kc7 26.Be6 Be5 27.b3 Bd4 28.Bf4+ Be5 29.Be3
Bd4 30.Bf4+ Be5 31.Be3 Nd4 32.Rc1+ Kb8 33.Kg2 Nxe6 34.fxe6 Re8
35.f4 Bd6 36.f5 g6 37.Rd1 Kc7 38.Rc1+ Kb8 39.Rd1 Kc7 40.Rc1+
Kd8 41.Bc5 Bxc5 42.Rxc5 gxf5 43.Rxf5 Rxe6 44.Kf3 Ke8 45.Rh5 Re7
46.Rh6 Rf7 47.Kf4 Kf8 48.Kf5 Kg7 49.Rh4 Re7 50.Rg4+ Kf7 51.Rc4
Re5+ 52.Kf4 Kg6 53.a4 Re7 54.Rd4 Rc7 55.h4 Rc3 56.Rb4 Rc7 57.Rd4
Kf7 58.Kf5 Rc5+ 59.Kf4 Ke6 60.Rb4 Rf5+ 61.Kg4 b5 62.Rd4 Rc5 63.Kf4
Rf5+ 64.Kg4 h5+ 65.Kg3 Rd5 66.Re4+ Re5 67.Rb4 Re3+ 68.Kf2 Re5
69.Kf3 Rc5 70.axb5 Rxb5 71.Re4+ Kd5 72.b4 Rb6 73.Rf4 Ke5 74.Re4+
Kd6 75.Rf4 Ke7 76.Ke3 Re6+ 77.Kd4 Re5 78.Rf1 a5 79.bxa5 Rxa5
80.Rh1 Ke6 81.Re1+ Kd6 82.Rh1 Ra4+ 83.Ke3 Ke5 84.Kd3 f5 85.Kc3
Kf4 86.Rg1 Ra3+ 87.Kd4 Rg3 88.Rf1+ Kg4 89.Ke5 Re3+ 90.Kd4 Re8
91.Rh1 f4 92.Kd3 f3 93.Rg1+ Kxh4 94.Rg7 f2 95.Rf7 Kg3 96.Rg7+
Kh2 97.Rf7 Kg2 98.Rg7+ Kf1 99.Rh7 Ke1 0-1

[Event "Fide Open"]
[Site "Voronezh"]
[Date "2018.06.19"]
[Round "8.7"]
[White "Selensky, Andrey"]
[Black "Garafutdinov, Ainur"]
[Result "0-1"]
[WhiteElo "2040"]
[BlackElo "2122"]
[Annotator ""]
[Source ""]
[Remark ""]

1.Nf3 f5 2.d3 g6 3.e4 d6 4.Nc3 Bg7 5.h3 e5 6.Bg5 Qd7 7.exf5 gxf5
8.g4 Qf7 9.gxf5 h6 10.Be3 Bxf5 11.Nh4 Be6 12.Be2 Nf6 13.Rg1 Nc6
14.Ne4 O-O-O 15.Nxf6 Bxf6 16.Bh5 Qd7 17.Rg6 Rdg8 18.Rxf6 Rg1+
19.Kd2 Rxd1+ 20.Rxd1 Bxh3 21.Rf7 Qe6 22.Rg1 Qxa2 23.Rgg7 Qxb2
24.Rxc7+ Kb8 25.Ng6 Qb4+ 26.Ke2 Rc8 27.Rxc8+ Bxc8 28.Bf3 Nd4+
29.Bxd4 Qxd4 30.Ne7 e4 0-1

[Event "Fide Open"]
[Site "Voronezh"]
[Date "2018.06.19"]
[Round "8.8"]
[White "Kolomensky, Vladimir"]
[Black "Abramov, Ilya"]
[Result "1/2-1/2"]
[WhiteElo "2120"]
[BlackElo "2089"]
[Annotator ""]
[Source ""]
[Remark ""]

1.e4 e6 2.d4 d5 3.Nd2 Nf6 4.e5 Nfd7 5.Bd3 c5 6.c3 b6 7.Ne2 Ba6
8.Bxa6 Nxa6 9.O-O Be7 10.Nf4 O-O 11.Qg4 Nc7 12.Nh5 Ne8 13.Re1
Kh8 14.Nf3 g6 15.Nf4 Ng7 16.h4 h5 17.Qh3 Nf5 18.g4 hxg4 19.Qxg4
Rg8 20.Nh3 Kg7 21.Bg5 Rh8 22.Kg2 Bxg5 23.hxg5 Qe7 24.a3 Rh7 25.Rh1
Rah8 26.Nf4 Nb8 27.Rxh7+ Rxh7 28.b4 Nc6 29.Nd3 cxd4 30.cxd4 Ncxd4
31.Nxd4 Nxd4 32.Qxd4 Qxg5+ 33.Kf1 Qd2 34.Kg2 Qg5+ 35.Kf1 Qd2
36.Kg2 Qg5+ 37.Kf1 Qd2 1/2-1/2

[Event "Fide Open"]
[Site "Voronezh"]
[Date "2018.06.19"]
[Round "8.9"]
[White "Beldyugin, Alexey"]
[Black "Pingin, Artem"]
[Result "1-0"]
[WhiteElo "2113"]
[BlackElo "1967"]
[Annotator ""]
[Source ""]
[Remark ""]

1.c4 e6 2.g3 d5 3.Bg2 Nf6 4.Nf3 Be7 5.b3 O-O 6.Bb2 c5 7.cxd5
exd5 8.O-O Nc6 9.d4 cxd4 10.Nxd4 Be6 11.Nc3 Qd7 12.Nxe6 fxe6
13.e3 Rac8 14.Qd2 Qe8 15.Rac1 Ng4 16.Qe2 Nge5 17.Nb5 a6 18.Nd4
Qg6 19.Nxc6 Nxc6 20.Rfd1 Bf6 21.Bxf6 Qxf6 22.Rd2 Nd4 23.Qd1 Nb5
24.Rdc2 Rc6 25.Qd2 Rxc2 26.Rxc2 Qa1+ 27.Rc1 Qe5 28.f4 Qd6 29.a4
Na7 30.Qd4 Nc6 31.Qc5 Qd7 32.Rd1 Rc8 33.f5 Ne7 34.fxe6 Qxe6 35.Bxd5
Nxd5 36.Qxd5 Qxd5 37.Rxd5 Rc7 38.Kf2 Kf7 39.Rd6 Ke7 40.Rb6 Rd7
41.h4 Kd8 42.b4 Kc7 43.a5 Rf7+ 44.Ke2 Re7 45.g4 Re8 46.h5 Re7
47.h6 gxh6 48.Rxh6 Kc8 49.Rf6 Kc7 50.Kf3 Kd8 51.Kf4 Rc7 52.e4
Ke7 53.g5 Rc1 54.Rh6 Rf1+ 55.Ke5 Rf7 56.Re6+ Kd7 57.Rf6 Rg7 58.Kf5
Ke7 59.e5 Ke8 60.Rh6 Rf7+ 61.Ke4 Rd7 62.e6 Rg7 63.Kf5 Ke7 64.Rh4
Ke8 65.Rc4 Kd8 66.Kf6 Re7 67.Rc8+ Kxc8 68.Kxe7 h6 69.gxh6 Kb8
70.h7 b5 71.Kd7 Ka7 72.Kc7 1-0

[Event "Fide Open"]
[Site "Voronezh"]
[Date "2018.06.19"]
[Round "8.10"]
[White "Yakimenko, Alexander A."]
[Black "Tverdokhleb, Aleksandr"]
[Result "1/2-1/2"]
[WhiteElo "2094"]
[BlackElo "1889"]
[Annotator ""]
[Source ""]
[Remark ""]

1.e4 Nf6 2.d3 d5 3.Nd2 e5 4.Ngf3 Nc6 5.Be2 Bg4 6.c3 Be7 7.Qc2
h6 8.O-O O-O 9.Re1 Be6 10.b4 a6 11.Bb2 d4 12.a3 dxc3 13.Qxc3
Nd7 14.Rad1 a5 15.b5 Nd4 16.Nxd4 exd4 17.Qc1 Nc5 18.f4 a4 19.Nc4
Nb3 20.Qc2 Bd7 21.Nd2 Bxb5 22.e5 Nxd2 23.Qxd2 c5 24.Bf3 Qc7 25.Qf2
Bc6 26.Bg4 b5 27.f5 Bg5 28.Bc1 Qd8 29.f6 gxf6 30.e6 fxe6 31.Bxe6+
Kh8 32.h4 Bxc1 33.Rxc1 Qd6 34.Qf5 Qg3 35.Bd5 Bxd5 36.Qxd5 Rae8
37.Rf1 Re2 38.Qf5 Ree8 39.Qd5 Re2 40.Qc6 Rg8 41.Qxf6+ Qg7 42.Qxg7+
Rxg7 43.Rf2 Re5 44.Rf6 Kh7 45.Rb6 Re2 46.Rxc5 Rgxg2+ 47.Kf1 Rgf2+
48.Ke1 1/2-1/2

[Event "Fide Open"]
[Site "Voronezh"]
[Date "2018.06.19"]
[Round "8.11"]
[White "Peschansky, Mikhail"]
[Black "Nakonechny, Ignat"]
[Result "1/2-1/2"]
[WhiteElo "2137"]
[BlackElo "1890"]
[Annotator ""]
[Source ""]
[Remark ""]

1.c4 e5 2.Nc3 d6 3.g3 g6 4.Bg2 Bg7 5.e3 c6 6.Nge2 Be6 7.Qa4 Nd7
8.d3 Ne7 9.O-O O-O 10.Ne4 Nc5 11.Qc2 Nxe4 12.dxe4 Qb6 13.b3 Rfd8
14.a4 d5 15.Ba3 Bf6 16.a5 Qa6 17.Rfc1 dxc4 18.bxc4 Rd7 19.Bf1
c5 20.Bxc5 Rc8 21.Bxe7 Bxe7 22.Nc3 Rc5 23.Nd5 f5 24.Rd1 Bxd5
25.exd5 e4 26.Qa4 Qd6 27.Rab1 Qc7 28.Rb5 Bd6 29.Rdb1 Qc8 30.Rxc5
Bxc5 31.Qa1 Kf7 32.Rb5 a6 33.Rb3 h5 34.Qe5 Qe8 35.Qb2 Qe7 36.Be2
Ke8 37.Kg2 Kd8 38.Qh8+ Qe8 39.Qf6+ Kc8 40.Bd1 Qf7 41.Qh8+ Qf8
42.Qe5 Qe7 43.Qh8+ Qf8 44.Qxf8+ Bxf8 45.f3 Bc5 46.fxe4 fxe4 47.Bc2
Re7 48.Kf2 Kc7 49.Ke2 Kd6 50.Rb1 Ke5 51.Rf1 g5 52.h3 Rh7 53.Rf2
Rc7 54.g4 hxg4 55.hxg4 Be7 56.Bb3 Rc5 57.Rf7 Kd6 58.Rg7 Rxa5
59.Rg6+ Kc5 60.Re6 Bd6 61.Rxe4 Ra3 62.Bc2 b5 63.cxb5 axb5 64.Rd4
Be5 65.Rd1 b4 66.Rb1 Kc4 67.Kf3 Bd6 68.Ke4 Bc5 69.Re1 Kc3 70.Bd3
Kd2 71.Re2+ Kd1 72.Rc2 Ra5 73.Rxc5 Rxc5 74.d6 Rc8 75.d7 Rd8 76.Bb5
b3 77.Ba4 Rxd7 78.Bxb3+ Rd8 1/2-1/2

[Event "Fide Open"]
[Site "Voronezh"]
[Date "2018.06.19"]
[Round "8.12"]
[White "Khajrutdinov, Ildar"]
[Black "Strukova, Ksenia"]
[Result "1-0"]
[WhiteElo "2106"]
[BlackElo "1994"]
[Annotator ""]
[Source ""]
[Remark ""]

1.d4 Nf6 2.Nf3 g6 3.c4 Bg7 4.Nc3 d6 5.e4 O-O 6.Be2 c6 7.O-O Na6
8.Re1 Nc7 9.Bf1 Rb8 10.a4 b6 11.d5 Bd7 12.h3 a6 13.e5 dxe5 14.Nxe5
cxd5 15.cxd5 b5 16.axb5 axb5 17.Ra7 b4 18.Nxd7 Nxd7 19.Bf4 Rc8
20.Na4 Ne8 21.Bb5 Nef6 22.Bc6 Nb6 23.Nxb6 Qxb6 24.Rexe7 Rxc6
25.dxc6 Qxc6 26.Rec7 Qd5 27.Qc1 Ne4 28.Be3 Qe5 29.Re7 Qd5 30.Rad7
Qf5 31.Qc4 Bxb2 32.Qxe4 Qa5 33.Bh6 Qa1+ 34.Kh2 1-0

[Event "Fide Open"]
[Site "Voronezh"]
[Date "2018.06.19"]
[Round "8.13"]
[White "Popelyshev, Igor V."]
[Black "Tikhonov, Viacheslav"]
[Result "0-1"]
[WhiteElo "2095"]
[BlackElo "1993"]
[Annotator ""]
[Source ""]
[Remark ""]

1.e4 e6 2.Qe2 c5 3.g3 Nc6 4.c3 g6 5.d3 Bg7 6.Bg2 Nge7 7.f4 d6
8.Nf3 O-O 9.O-O b6 10.Nbd2 Ba6 11.Rd1 Qd7 12.Nf1 Rad8 13.Be3
f5 14.c4 fxe4 15.dxe4 d5 16.Rac1 Nc8 17.e5 Qe8 18.b3 Na5 19.Bd2
Nc6 20.Bc3 h6 21.Qc2 dxc4 22.bxc4 Bxc4 23.Ne3 Bd5 24.Nxd5 exd5
25.Nh4 N8e7 26.Qb3 Qf7 27.Rc2 g5 28.fxg5 hxg5 29.Rf1 Qe6 30.Nf3
g4 31.Ng5 Rxf1+ 32.Bxf1 Qg6 33.Bd2 Nd4 0-1

[Event "Fide Open"]
[Site "Voronezh"]
[Date "2018.06.19"]
[Round "8.14"]
[White "Bobkov, Vadim"]
[Black "Zaitseva, Lyudmila"]
[Result "1-0"]
[WhiteElo "2058"]
[BlackElo "1954"]
[Annotator ""]
[Source ""]
[Remark ""]

1.d4 Nf6 2.c4 e6 3.g3 b6 4.Bg2 d5 5.Nf3 Bb7 6.O-O Be7 7.Nbd2
O-O 8.Qc2 Nbd7 9.cxd5 exd5 10.b3 c5 11.dxc5 bxc5 12.Bb2 Rc8 13.Rac1
Qb6 14.Rfd1 Rfd8 15.e3 Nf8 16.Qb1 Ne6 17.Qa1 Ne8 18.Ne5 Bf6 19.Ndf3
Nd6 20.Ne1 d4 21.exd4 cxd4 22.Rxc8 Rxc8 23.Nd7 Qd8 24.Nxf6+ Qxf6
25.Bxb7 Nxb7 26.Bxd4 Nxd4 27.Qxd4 Qxd4 28.Rxd4 Rc7 29.Nd3 f6
30.Kg2 Kf7 31.Kf3 Ke7 32.Rc4 Rd7 33.Nc5 Nxc5 34.Rxc5 Kd6 35.Rc2
Re7 36.Re2 Rc7 37.Rd2+ Ke5 38.Ke3 Rc3+ 39.Rd3 Rc7 40.b4 g6 41.b5
Rd7 42.Rd2 Rc7 43.Rd3 Rc2 44.Ra3 Rc5 45.Ra5 a6 46.a4 axb5 47.Rxb5
Rxb5 48.axb5 Kd5 49.b6 Kc6 50.Ke4 Kxb6 51.Kd5 Kb5 52.Ke6 1-0

[Event "FIDE Open"]
[Site "Voronezh"]
[Date "2018.06.20"]
[Round "9.15"]
[White "Gutsulyak, Nikolay"]
[Black "Ioffe, Evgeny"]
[Result "0-1"]
[WhiteElo "1953"]
[BlackElo "2079"]
[Annotator ""]
[Source ""]
[Remark ""]

1.e4 c6 2.Nc3 d5 3.Nf3 Bg4 4.h3 Bh5 5.exd5 cxd5 6.Bb5+ Nc6 7.g4
Bg6 8.h4 f6 9.Qe2 e5 10.d4 e4 11.h5 Bf7 12.Bd2 Nge7 13.Nh4 a6
14.Bxc6+ Nxc6 15.Qe3 Qb6 16.O-O-O O-O-O 17.Ne2 Kb8 18.Nf5 Ka7
19.Rh3 Be6 20.Qf4 Bxf5 21.Rb3 Bb4 22.Bxb4 Nxb4 23.a3 Be6 24.Rxb4
Qc6 25.Rg1 Rc8 26.Qd2 h6 27.Rg3 Qc7 0-1

[Event "FIDE Open"]
[Site "Voronezh"]
[Date "2018.06.20"]
[Round "9.16"]
[White "Napalkov, Vladimir"]
[Black "Bitkinin, Lenar"]
[Result "1-0"]
[WhiteElo "2005"]
[BlackElo "2055"]
[Annotator ""]
[Source ""]
[Remark ""]

1.d4 f5 2.g3 Nf6 3.Bg2 g6 4.b3 d6 5.Nf3 Bg7 6.Bb2 O-O 7.O-O c6
8.c4 Na6 9.Qc2 Nc7 10.Nbd2 Qe8 11.Rfe1 Nh5 12.e4 f4 13.d5 fxg3
14.hxg3 Bxb2 15.Qxb2 Qf7 16.e5 cxd5 17.exd6 exd6 18.cxd5 Qxd5
19.Re7 Ne6 20.Re1 Nc5 21.Ne5 Qxe5 22.R1xe5 Nd3 23.Bd5+ Kh8 24.Rxh5+ 1-0

[Event "FIDE Open"]
[Site "Voronezh"]
[Date "2018.06.20"]
[Round "9.17"]
[White "Moshkin, Mikhail"]
[Black "Selensky, Andrey"]
[Result "0-1"]
[WhiteElo "1766"]
[BlackElo "2040"]
[Annotator ""]
[Source ""]
[Remark ""]

1.e4 c5 2.c3 Nf6 3.e5 Nd5 4.d4 cxd4 5.cxd4 e6 6.Nf3 Nc6 7.Bd3
Bb4+ 8.Bd2 Qb6 9.Nc3 Nxd4 10.O-O Ne7 11.Be3 Nxf3+ 12.Qxf3 Qa5
13.Nb5 a6 14.a3 axb5 15.axb4 Qxa1 16.Rxa1 Rxa1+ 17.Bf1 Nd5 18.Bc5
b6 19.Bd6 Bb7 20.Qg4 Rg8 21.Qd4 Bc6 22.h3 g5 23.b3 Ra8 24.Qg4
Kd8 25.g3 Kc8 26.Bg2 Rg6 27.Qd4 Kb7 28.Be4 Rg7 29.Kh2 h5 30.Bg2
h4 31.Be7 hxg3+ 32.Kxg3 g4 33.hxg4 Rag8 34.Bf3 Rg6 35.Bf6 Kc7
36.Bxd5 Bxd5 37.g5 Kb7 38.Kf4 Rc8 39.Ke3 Rgg8 40.Kd2 Rc7 41.Qd3
Ra8 42.Qh7 Ra2+ 43.Kd3 Bxb3 0-1

[Event "FIDE Open"]
[Site "Voronezh"]
[Date "2018.06.20"]
[Round "9.18"]
[White "Martyntsev, Roman"]
[Black "Kolyuzhnov, Vladislav"]
[Result "1-0"]
[WhiteElo "2035"]
[BlackElo "1986"]
[Annotator ""]
[Source ""]
[Remark ""]

1.e4 d6 2.d4 g6 3.Bd3 Bg7 4.c3 c5 5.Ne2 Nf6 6.O-O O-O 7.Nd2 cxd4
8.cxd4 Nc6 9.a3 Bd7 10.b4 a6 11.Bb2 b5 12.Kh1 Qb6 13.Nb3 e6 14.Qd2
a5 15.Rad1 axb4 16.axb4 Ra4 17.Bc3 Rc8 18.f4 Ra3 19.Nec1 e5 20.fxe5
dxe5 21.d5 Nd4 22.Qb2 Nxb3 23.Qxa3 Nxc1 24.Rxc1 Ng4 25.Qb2 Bh6
26.Rce1 1-0

[Event "FIDE Open"]
[Site "Voronezh"]
[Date "2018.06.20"]
[Round "9.19"]
[White "Savoskin, Vladimir"]
[Black "Koshevarov, Alexander"]
[Result "0-1"]
[WhiteElo "1743"]
[BlackElo "2030"]
[Annotator ""]
[Source ""]
[Remark ""]

1.b3 d5 2.Bb2 c5 3.e3 Nf6 4.Nf3 a6 5.Be2 Nc6 6.Ne5 Nxe5 7.Bxe5
Bd7 8.O-O Bc6 9.d4 Nd7 10.Bg3 g6 11.Nd2 Bg7 12.Nf3 O-O 13.Rc1
Qa5 14.a4 Rfd8 15.Bd3 Rac8 16.Qe2 Qc3 17.Rfd1 c4 18.bxc4 dxc4
19.Bxc4 Bxa4 20.Bd3 e5 21.Be4 b5 22.Bh4 Re8 23.dxe5 Nxe5 24.Nxe5
Bxe5 25.Qf3 Bb3 26.Bd5 Bxd5 27.Rxd5 Rc7 28.g3 h6 29.g4 Qc6 30.e4
a5 31.Rcd1 a4 32.Rxe5 Rxe5 33.Bg3 Re8 34.Bxc7 Qxc7 35.Qf6 Qxc2
36.Rd7 Qb1+ 37.Kg2 Qxe4+ 38.Kh3 Qe6 39.Qd4 h5 0-1

[Event "FIDE Open"]
[Site "Voronezh"]
[Date "2018.06.20"]
[Round "9.20"]
[White "Bruyatskaya, Mariya"]
[Black "Mikhnenko, Alexander"]
[Result "1-0"]
[WhiteElo "2026"]
[BlackElo "1945"]
[Annotator ""]
[Source ""]
[Remark ""]

1.e4 c6 2.d4 d5 3.exd5 cxd5 4.c4 e6 5.Nf3 Nf6 6.Nc3 Be7 7.Bg5
O-O 8.Be2 b6 9.cxd5 Nxd5 10.Nxd5 Bxg5 11.Nxg5 exd5 12.Nf3 Qd6
13.O-O Bg4 14.Ne5 Bxe2 15.Qxe2 f6 16.Nf3 Nc6 17.Rac1 Rac8 18.Qa6
Rc7 19.Rc3 Rfc8 20.Rfc1 Ne7 21.h3 Rxc3 22.Rxc3 Rxc3 23.bxc3 Qc7
24.Qa3 Nc8 25.Qb3 Qc6 26.Nd2 Nd6 27.a4 Kf7 28.g4 Ke7 29.Qc2 g6
30.h4 Nc4 31.Nxc4 Qxc4 32.h5 Kf7 33.h6 Qc8 34.f3 Qc7 35.Kg2 Ke6
36.Qe2+ Kd7 37.Qb5+ Qc6 38.Qa6 Qc7 39.a5 Ke7 40.axb6 axb6 41.Qa8
Kd6 42.Qh8 Qe7 43.Kf2 Kc6 44.Qa8+ Qb7 45.Qf8 Kb5 46.Qxf6 Kc4
47.Qg7 Qb8 48.Kg2 Qe8 49.Qxh7 Qe2+ 50.Kg3 Qe6 51.Qc7+ Kd3 52.Qe5 1-0

[Event "FIDE Open"]
[Site "Voronezh"]
[Date "2018.06.20"]
[Round "9.21"]
[White "Kutyanina, Mariya"]
[Black "Shushunov, Aleksei"]
[Result "0-1"]
[WhiteElo "2021"]
[BlackElo "1429"]
[Annotator ""]
[Source ""]
[Remark ""]

1.d4 Nf6 2.Nf3 d5 3.g3 g6 4.Bg2 Bg7 5.O-O O-O 6.b3 c5 7.Bb2 Nc6
8.e3 Qc7 9.c4 cxd4 10.exd4 Na5 11.c5 Bg4 12.h3 Bxf3 13.Qxf3 Nc6
14.Qe3 Rfe8 15.Re1 b6 16.cxb6 Qxb6 17.Nc3 e6 18.Na4 Qc7 19.Rac1
Qd6 20.Nc5 Nd7 21.Re2 Rac8 22.a3 Nxd4 23.Bxd4 Bxd4 24.Qxd4 Rxc5
25.Rxc5 Qxc5 26.Qxc5 Nxc5 27.b4 Nd7 28.Rc2 Kf8 29.f4 Ke7 30.Kf2
Kd6 0-1

[Event "FIDE Open"]
[Site "Voronezh"]
[Date "2018.06.20"]
[Round "9.22"]
[White "Sokolovsky, Victor"]
[Black "Popelyshev, Igor V."]
[Result "1-0"]
[WhiteElo "1866"]
[BlackElo "2095"]
[Annotator ""]
[Source ""]
[Remark ""]

1.e4 c5 2.Nf3 Nc6 3.d4 cxd4 4.Nxd4 g6 5.Nc3 Bg7 6.Be3 Nf6 7.Be2
O-O 8.O-O d5 9.Nxc6 bxc6 10.e5 Nd7 11.f4 e6 12.Qd2 c5 13.Nb5
Rb8 14.c4 d4 15.Bf2 a6 16.Nd6 f6 17.Bh4 Qb6 18.Bg4 f5 19.Bf3
Nxe5 20.fxe5 Bxe5 21.Nxc8 Rfxc8 22.Rae1 Qc7 23.Rxe5 Qxe5 24.Bg3
Qf6 25.Bxb8 Rxb8 26.g4 d3 27.Qc3 Qxc3 28.bxc3 Rb2 29.gxf5 gxf5
30.Rd1 d2 31.Kf2 Rc2 32.Ke2 Rxc3 33.Rxd2 1-0

[Event "FIDE Open"]
[Site "Voronezh"]
[Date "2018.06.20"]
[Round "9.23"]
[White "Fadin, Evgeny"]
[Black "Neklyudov, Taras"]
[Result "1/2-1/2"]
[WhiteElo "2056"]
[BlackElo "1876"]
[Annotator ""]
[Source ""]
[Remark ""]

1.Nf3 f5 2.b3 d6 3.d4 e6 4.Bb2 Nf6 5.g3 Be7 6.Bg2 O-O 7.O-O d5
8.c4 b6 9.Nbd2 Bb7 10.Ne5 Nbd7 11.Ndf3 Nxe5 12.Nxe5 c6 13.Rc1
Rc8 14.Nd3 Re8 15.c5 Nd7 16.f3 bxc5 17.dxc5 Bxc5+ 18.Nxc5 Nxc5
19.Qd4 e5 20.Qxc5 a5 21.Rfe1 1/2-1/2

[Event "FIDE Open"]
[Site "Voronezh"]
[Date "2018.06.20"]
[Round "9.25"]
[White "Katyshkina, Anastasia"]
[Black "Polukhin, Alexander"]
[Result "1-0"]
[WhiteElo "2035"]
[BlackElo "1809"]
[Annotator ""]
[Source ""]
[Remark ""]

1.e4 e6 2.Nf3 d5 3.Nc3 d4 4.Ne2 c5 5.Ng3 Nc6 6.Bb5 Bd7 7.O-O
Nf6 8.d3 a6 9.Bxc6 Bxc6 10.Ne5 Qc7 11.f4 Be7 12.Bd2 Nd7 13.Nxc6
Qxc6 14.a3 b5 15.f5 e5 16.Nh5 Rg8 17.Ng3 Nf6 18.c3 Qd6 19.c4
Qc6 20.Rc1 Rb8 21.b4 Nd7 22.cxb5 Qxb5 23.a4 Qb6 24.bxc5 Nxc5
25.Qh5 h6 26.a5 Qd6 27.f6 Bxf6 28.Nf5 Qf8 29.Nxh6 gxh6 30.Rxf6
Nxd3 31.Rcf1 Rb7 32.Qf5 Qc5 33.Rxf7 Qc6 34.Rxb7 1-0

[Event "FIDE Open"]
[Site "Voronezh"]
[Date "2018.06.20"]
[Round "9.26"]
[White "Strukova, Ksenia"]
[Black "Poltavets, Ivan"]
[Result "1-0"]
[WhiteElo "1994"]
[BlackElo "1765"]
[Annotator ""]
[Source ""]
[Remark ""]

1.e4 d6 2.d4 g6 3.Nc3 a6 4.g3 Bg7 5.Bg2 Nc6 6.Nge2 e5 7.dxe5
Nxe5 8.f4 Nc4 9.b3 Bg4 10.Qd3 Na5 11.Bb2 Nf6 12.Rd1 O-O 13.O-O
Qd7 14.Rfe1 Nc6 15.a3 Rfe8 16.Ba1 Bh3 17.Qf3 Bg4 18.Qf1 Qe7 19.h3
Bd7 20.Nd5 Qd8 21.Nxf6+ Bxf6 22.Bxf6 Qxf6 23.e5 Qe7 24.exd6 cxd6
25.Nc3 Qf8 26.Nd5 Re6 27.Nb6 Rxe1 28.Rxe1 Rd8 29.Nxd7 Rxd7 30.Bxc6
bxc6 31.Qxa6 c5 32.Qe2 Ra7 33.a4 Ra8 34.Qe7 h5 35.Qxf8+ Kxf8
36.Kf2 Kg7 37.Ke3 f5 38.Kd3 d5 39.Kc3 Kf6 40.Re5 Rd8 41.a5 g5
42.a6 h4 43.gxh4 gxf4 44.Re1 Ra8 45.Ra1 f3 46.Kd2 f4 47.Ke1 Ke5
48.Kf2 Kd4 49.Kxf3 Kc3 50.Ra2 d4 51.Kxf4 d3 52.cxd3 Kxd3 53.Ra5
c4 54.bxc4 Kxc4 55.a7 Kd4 56.h5 1-0

[Event "FIDE Open"]
[Site "Voronezh"]
[Date "2018.06.20"]
[Round "9.27"]
[White "Zaitseva, Lyudmila"]
[Black "Maraktanov, Andrey"]
[Result "1/2-1/2"]
[WhiteElo "1954"]
[BlackElo "1763"]
[Annotator ""]
[Source ""]
[Remark ""]

1.e4 c5 2.Nf3 g6 3.d4 cxd4 4.Qxd4 Nf6 5.Nc3 Nc6 6.Qa4 d6 7.e5
dxe5 8.Nxe5 Bd7 9.Nxd7 Qxd7 10.Be3 a6 11.Rd1 Qc8 12.g3 Bg7 13.Bg2
O-O 14.O-O b5 15.Qf4 Rb8 16.a4 b4 17.Nd5 Nxd5 18.Rxd5 Qe6 19.Rc5
Ne5 20.Bd4 Nd7 21.Bxg7 Nxc5 22.Bxf8 Rxf8 23.Qxb4 Qd6 24.Qc4 Rb8
25.b3 Nd7 26.Qe2 Nf6 27.Rd1 Qc5 28.Qxa6 Qxc2 29.Qd3 Qxb3 30.Qxb3
Rxb3 31.Ra1 Rb6 32.a5 Ra6 33.Bf1 Ra7 34.a6 Kf8 35.Bb5 e6 36.f4 1/2-1/2

[Event "FIDE Open"]
[Site "Voronezh"]
[Date "2018.06.20"]
[Round "9.28"]
[White "Kalashnikova, Elena"]
[Black "Pivina, Mariya"]
[Result "1-0"]
[WhiteElo "1774"]
[BlackElo "1941"]
[Annotator ""]
[Source ""]
[Remark ""]

1.e4 c5 2.Nf3 e6 3.g3 g6 4.d4 Bg7 5.Nc3 cxd4 6.Nxd4 a6 7.Bg2
Ne7 8.O-O O-O 9.Be3 Nbc6 10.Nxc6 Nxc6 11.Na4 b5 12.Nb6 Rb8 13.Nxc8
Rxc8 14.c3 b4 15.Bc5 Re8 16.cxb4 Bxb2 17.Rb1 Be5 18.f4 d6 19.Be3
Bc3 20.a3 d5 21.e5 d4 22.Bf2 Qb6 23.Qd3 Red8 24.Qxc3 dxc3 25.Bxb6
c2 26.Rbc1 Rd2 27.Rfe1 Ne7 28.Be3 Rd3 29.Bc5 Nf5 30.Bb7 Rc7 31.Bxa6 1-0

[Event "FIDE Open"]
[Site "Voronezh"]
[Date "2018.06.20"]
[Round "9.29"]
[White "Leolko, Ludmila"]
[Black "Korolkov, Alexander"]
[Result "1/2-1/2"]
[WhiteElo "1901"]
[BlackElo "1734"]
[Annotator ""]
[Source ""]
[Remark ""]

1.d4 d5 2.c4 c6 3.g3 Bf5 4.Bg2 e6 5.Nf3 Nf6 6.O-O h6 7.Nbd2 Bd6
8.b3 O-O 9.Bb2 Nbd7 10.Re1 Ne4 11.Ne5 Bb4 12.Nxd7 Qxd7 13.Nxe4
Bxe4 14.Rf1 Bxg2 15.Kxg2 f5 16.e3 Rf6 17.Qd3 g5 18.f3 Raf8 19.e4
fxe4 20.fxe4 Qh7 21.Rxf6 Rxf6 22.a3 Ba5 23.b4 dxc4 24.Qe2 Bc7
25.d5 e5 26.Qxc4 Qf7 27.Rf1 cxd5 28.Rxf6 dxc4 29.Rxf7 Kxf7 30.Kf3
h5 31.g4 h4 32.h3 b5 33.Ke2 Kf6 34.Bc1 Bb6 35.Kd2 a5 36.Kc2 axb4
37.axb4 Bd4 38.Bd2 1/2-1/2

[Event "FIDE Open"]
[Site "Voronezh"]
[Date "2018.06.20"]
[Round "9.30"]
[White "Aloyan, Mikhail"]
[Black "Gulko, Oleg"]
[Result "0-1"]
[WhiteElo "1759"]
[BlackElo "1883"]
[Annotator ""]
[Source ""]
[Remark ""]

1.e4 c6 2.d4 d5 3.e5 Bf5 4.Bd3 Bxd3 5.Qxd3 e6 6.f4 Nd7 7.Nf3
c5 8.c3 Rc8 9.O-O Ne7 10.Na3 cxd4 11.Nb5 Nc6 12.Nbxd4 Nc5 13.Qe2
Ne4 14.Be3 Bc5 15.Nxc6 Rxc6 16.Bxc5 Rxc5 17.Nd4 Qb8 18.Qg4 O-O
19.f5 Qxe5 20.fxe6 h5 21.exf7+ Rxf7 22.Qg6 Rxf1+ 23.Rxf1 Nf6
24.Nf5 Rc7 25.Nh6+ Kf8 26.Qh7 Qe3+ 27.Kh1 Qxh6 28.Qxh6 gxh6 29.Rxf6+
Rf7 30.Rxf7+ Kxf7 31.g3 Kf6 32.Kg2 Ke5 33.Kf3 d4 34.cxd4+ Kxd4
35.g4 b5 36.gxh5 b4 37.a3 b3 38.Ke2 a6 39.Kd2 a5 40.Ke2 a4 41.Kd2
Ke4 42.Ke2 Kf4 43.Kd2 Kf3 44.Kd3 Kf2 45.Kd2 Kf1 46.h3 Kf2 47.h4
Kg3 48.Kc3 Kxh4 49.Kb4 Kxh5 0-1

[Event "FIDE Open"]
[Site "Voronezh"]
[Date "2018.06.20"]
[Round "9.31"]
[White "Gorodnichev, Alexey"]
[Black "Yudin, Sergei"]
[Result "0-1"]
[WhiteElo "1949"]
[BlackElo "1699"]
[Annotator ""]
[Source ""]
[Remark ""]

1.e4 e6 2.c4 d5 3.cxd5 exd5 4.exd5 Nf6 5.Nc3 Nxd5 6.Bc4 Nb6 7.Bb3
Be7 8.Nge2 O-O 9.O-O Nc6 10.d4 Bf5 11.Be3 Bf6 12.a3 Re8 13.Qd2
Na5 14.Ba2 Nac4 15.Qc1 Bg6 16.Bf4 Bd3 17.Re1 Bxd4 18.Nxd4 Rxe1+
19.Qxe1 Qxd4 20.Bxc7 Nxb2 21.Be5 Qd7 0-1